Ocelové konstrukce : pomůcka pro navrhování ocelových konstukcí pozemních staveb /

Hlavní autor: Votlučka, Ladislav
Jazyk: Čeština
Vydáno: Praha : České vysoké učení technické, 1992
Vydání: Dot.
Fyzický popis: 150 s.
Knihy
Uloženo v:
LEADER 00675nam a22001932a 4500
001 000192889
003 CZ BrMZK
005 19970103143423.0
008 970103s1992 xr f cze d
040 |a BOA001  |b cze 
080 |a 624.014.2(075.8)  |2 MRF 
100 1 |a Votlučka, Ladislav  |7 ola2005262733 
245 1 0 |a Ocelové konstrukce :  |b pomůcka pro navrhování ocelových konstukcí pozemních staveb /  |c Ladislav Votlučka 
250 |a Dot. 
260 |a Praha :  |b České vysoké učení technické,  |c 1992 
300 |a 150 s. 
910 |a BOA001  |b TK-A-0249.320 
990 |a BK 
996 7 |b 2629991783  |c TK-A-0249.320  |l MZK  |r Sklad / do 24 hodin  |n 13  |w 000192889  |u 000010  |a 1  |e BOA001  |j MZK50  |s A